01371nam a2200253 a 450000100100000000500170001000800410002704000250006808200200009310000250011324500540013826000360019230000270022859000260025565000280028165000310030991000410034095201320038195201320051395201320064595202000077795201230097799900170110000002806420240412074253.0110406s1986 dr a 000 p spa d aDO-SdBNPbspacBNPHU aRD861.44bN935t1 aNova, Ignacio95508810aTic-tac :bpasajero en mi tiempo /cIgnacio Nova. aSanto Domingo :bBúho,c1986. a84 p. :bil. ;c21 cm. aInventariado, 2018/LP 0aPoesía dominicana966 0aLiteratura dominicana.967 aValidado. Control de la calidad EMS. 001054708DSaGRbGRcHDd2011-04-08iLF1l0oRD861.44 N935tp28064-30r2020-06-25te.3w2020-06-25yLFDSZPréstamo en sala 001054708DSaGRbGRcHDd2011-05-05iLF1l0oRD861.44 N935tp28064-40r2020-06-25te.4w2020-06-25yLFDSZPréstamo en sala 001054708DSaGRbGRcHDd2012-10-02iLF1l0oRD861.44 N935tp28064-50r2020-06-25te.5w2020-06-25yLFDSZPréstamo en sala 0010718PDaPDbPDcHDd2011-04-06iLF1l0oRD861.44 N935tp28064-10r2020-06-25w2020-06-25yLFPDzPerteneció a la biblioteca personal de Juan Isidro Jimenes Grullón. DedicadoZNo se presta 0010718PDaPDbPDcHDd2011-04-08iLF1l0oRD861.44 N935tp28064-20r2020-06-25te.2w2020-06-25yLFPDZNo se presta c27556d27556